Chapter 6 Season 1 Fortnite Weapons - Statistics

General Stats
  • This quiz has been taken 83 times
    74 since last reset
  • The average score is 9 of 17
Answer Stats
Hint Answer % Correct
Mask Fire Oni Mask
79%
AR Holo Twister AR
77%
Shotgun Oni Shotgun
77%
Blade Typhoon Blade
77%
Mask Void Oni Mask
77%
Shotgun Twinfire Auto Shotgun
71%
AR Fury AR
67%
Blade Kinetic Blade
67%
Shotgun Sentinel Pump Shotgun
65%
Pistol Suppressed Pistol
52%
SMG Surgefire SMG
52%
Rifle Hunting Rifle
50%
AR Ranger AR
42%
Rifle Rail Gun
31%
Pistol Lock On Pistol
29%
Rifle Explosive Repeater Rifle
15%
SMG Veiled Presicion SMG
8%
No matching quizzes found
Score Distribution
Percent of People with Each Score
Percentile by Number Answered
Your Score History
You have not taken this quiz since the last reset